000 00610nam a2200181Ia 4500
008 090123s9999 xx 000 0 und d
082 _b37834
100 _aभुर्के श्याम
245 _aमंत्र श्रीमंतीचा
250 _a1
260 _bमेहता पब्लिशिंग हाऊस
_c2005
300 _a187
600 _aभुर्के श्याम
630 _aमंत्र श्रीमंतीचा
700 _aभुर्के श्याम
730 _aमंत्र श्रीमंतीचा
942 _cBOOK
999 _c75988
_d75988